<?xml version="1.0" encoding="UTF-8"?>
<collection xmlns="http://www.loc.gov/MARC21/slim">
 <record>
  <leader>01524nam a2200265 a 4500</leader>
  <controlfield tag="001">1/39576</controlfield>
  <controlfield tag="008">100304s2009    gr       bm   00110 gre d</controlfield>
  <datafield tag="035" ind1=" " ind2=" ">
   <subfield code="l">42242</subfield>
  </datafield>
  <datafield tag="040" ind1=" " ind2=" ">
   <subfield code="a">GR-PeUP</subfield>
  </datafield>
  <datafield tag="082" ind1="0" ind2="0">
   <subfield code="a">657.45 ΓΙΑ</subfield>
  </datafield>
  <datafield tag="100" ind1="1" ind2=" ">
   <subfield code="a">Γιαννοπούλου, Ευφροσύνη Γ.</subfield>
  </datafield>
  <datafield tag="245" ind1="1" ind2="3">
   <subfield code="a">Το πιστοποιητικό των ορκωτών ελεγκτών και η συμβολή του στην ανάλυση των οικονομικών καταστάσεων /</subfield>
   <subfield code="c">Ευφροσύνη Γ. Γιαννοπούλου.</subfield>
  </datafield>
  <datafield tag="260" ind1=" " ind2=" ">
   <subfield code="a">Πειραιάς :</subfield>
   <subfield code="b">[χ.ό.],</subfield>
   <subfield code="c">2009.</subfield>
  </datafield>
  <datafield tag="300" ind1=" " ind2=" ">
   <subfield code="a">vi, 124 σ. :</subfield>
   <subfield code="b">εικ. ;</subfield>
   <subfield code="c">30 εκ. +</subfield>
   <subfield code="e">1 οπτικό δίσκο Η/Υ.</subfield>
  </datafield>
  <datafield tag="502" ind1=" " ind2=" ">
   <subfield code="a">Διατριβή (Δ.Ε.)--Πανεπιστήμιο Πειραιώς, 2009.</subfield>
  </datafield>
  <datafield tag="504" ind1=" " ind2=" ">
   <subfield code="a">Περιέχει βιβλιογραφία.</subfield>
  </datafield>
  <datafield tag="650" ind1=" " ind2="4">
   <subfield code="a">Διατριβές.</subfield>
  </datafield>
  <datafield tag="650" ind1=" " ind2="4">
   <subfield code="a">Χρηματοοικονομική λογιστική.</subfield>
  </datafield>
  <datafield tag="650" ind1=" " ind2="4">
   <subfield code="a">Ελεγκτική (Λογιστική).</subfield>
  </datafield>
  <datafield tag="650" ind1=" " ind2="4">
   <subfield code="a">Λογιστικός έλεγχος διαχείρισης.</subfield>
  </datafield>
  <datafield tag="650" ind1=" " ind2="4">
   <subfield code="a">Επιχειρήσεις</subfield>
   <subfield code="x">Αξιολόγηση.</subfield>
  </datafield>
  <datafield tag="650" ind1=" " ind2="4">
   <subfield code="x">Διοικητική οικονομική.</subfield>
  </datafield>
  <datafield tag="710" ind1="2" ind2=" ">
   <subfield code="a">Πανεπιστήμιο Πειραιώς. Τμήμα Οργάνωσης και Διοίκησης Επιχειρήσεων.</subfield>
  </datafield>
  <datafield tag="852" ind1=" " ind2=" ">
   <subfield code="a">INST</subfield>
   <subfield code="b">UNIPILB</subfield>
   <subfield code="c">DISS</subfield>
   <subfield code="e">20100326</subfield>
   <subfield code="h">657.45 ΓΙΑ</subfield>
   <subfield code="p">00160967</subfield>
   <subfield code="q">00160967</subfield>
   <subfield code="t">NOLOAN</subfield>
   <subfield code="y">23</subfield>
   <subfield code="4">1</subfield>
  </datafield>
  <datafield tag="856" ind1="4" ind2="1">
   <subfield code="u">http://digilib.lib.unipi.gr/dspace/handle/unipi/3443</subfield>
  </datafield>
 </record>
</collection>
